000 00661nam a22002177a 4500
003 UA-OsUOA
001 36556
007 ta
008 20060203b un ||||| |||| 00| 0 ukr d
100 _aБабінець А.
090 _a32
_bБ11
942 _cSA
040 _aUA-OsUOA
_bukr
_cUA-OsUOA
_dUA-OsUOA
245 _a"Золота середина". Такою вважає себе в українському політикумі партія "Третя сила"
300 _aС.3
955 _a0
041 _aukr
080 _a32
773 0 _w36555
_tВільне слово
_dРівне
_d2006
_g8
650 7 _a32 Політика
_2UDC
999 _c322791
_d322791